Alternative methods of depreciation and the rentability of accounting measures of economic profits.

Analýza vplyvu spôsobu ročného odpisovania na celkový zisk, vykázaný dvoma spôsobmi účtovania.

Salvato in:
Dettagli Bibliografici
Autore principale: Mac Farland, H.
Natura: Capitolo di libro
Lingua:inglese
Soggetti:
Tags: Aggiungi Tag
Nessun Tag, puoi essere il primo ad aggiungerne!!

MARC

LEADER 00000naa a2200000 4500
001 r006244
005 20220819193644.6
041 0 |a eng 
044 |a US 
245 1 0 |a Alternative methods of depreciation and the rentability of accounting measures of economic profits.  |c H. Mac Farland 
520 |a Analýza vplyvu spôsobu ročného odpisovania na celkový zisk, vykázaný dvoma spôsobmi účtovania. 
610 2 0 |a účtovníctvo 
610 2 0 |a zisk 
610 2 0 |a odpisy 
610 2 0 |a metódy matematicko-štatistické 
100 1 |a Mac Farland, H.